000 00829nam a2200217 a 4500
001 64312
003 BD-RjUL
005 20211209081307.0
008 170213s1974 bg ||||| |||| 00| 0 eng d
035 _a(BD-RjUL)64442
040 _aBD-RjUL
_bben
_cBD-RjUL
_dBD-RjUL
041 _aben
082 _223
_a891.4414
_bSIR 1974
100 1 _aসিদ্দিকি, আশরাফ
_9190956
245 _aরবীন্দ্রনাথের শান্তিনিকেতন /
_cআশরাফ সিদ্দিকি
260 _aঢাকা :
_bমুক্তধারা,
_c১৯৭৪
300 _a২০৩ পৃ. ;
_c২২ সেমি.
600 _aরবীন্দ্রনাথ ঠাকুর
_d১৮৬১-১৯৪১
_9190957
600 _aRabindranath Tagore
_d1861-1941
_9190958
942 _2ddc
_cBK
999 _c64312
_d64312